000 00656nam a2200253Ia 4500
003 OSt
005 20221006143258.0
006 a|||||r|||| 00| 0
007 ta
008 221006b |||||||| |||| 00| 0 eng d
020 _c265.50
024 _a8,534
037 _cTextual
040 _aEASL
_cEASL
_beng
041 _2eng
_aeng
082 _aX.1.N78, M0
100 _aHarrison Paul
245 0 _aInside the Third World
_b The anatomy of poverty
260 _aGreat Britain
_bHarvester Press
_c1980
300 _a480p.
_ccm.
490 _v Oth
942 _hX.1.N78, M0
_cTEXL
_2CC
999 _c1076620
_d1076620